000 00305nam a2200133 i 4500
001 bg
100 1 _aSUBNIKOW, A. W.
245 0 _aU istokow kristallografii /
_cA.W. Subnikow.
260 _aMoskwa,
_c1972.
040 _cBPK
041 _apol
942 _cKS
008 s pl f |000 0 pol
999 _c14643
_d14643
856 _uhttp://koha.tu.koszalin.pl/cgi-bin/koha/opac-detail.pl?biblionumber=14643
_yKatalog online BPK